00611nam a2200169 i 450000100060000000300090000600500170001500700030003200800410003510000420007624500910011826000510020930000220026085200210028299900170030395201210032064482ES-MaACL20230906165135.0t|031224s1917 fr ||||1| fre d1 aFonsegrive, George-Lespinasse.95153312aL'evolution des idées dans la France contemporaine / cGeorge-Lespinasse Fonsegrive. aParis : bBloud et Gay, c1917 (fPaul Dupont) a348 p. ; c20 cm. aES-MaACLjF-4087 c64482d64482 00104070aATENEOMbATENEOMcDEPO2d2008-01-17eSCl0oF-4087p1067570r2023-02-23 00:00:00w2023-02-23yMONOGRAFIA